Normal view
MARC view
- Mufti, Shahan,
Entry Personal Name
001 - CONTROL NUMBER
- control field: 90346
003 - CONTROL NUMBER IDENTIFIER
- control field: NUST
005 - DATE AND TIME OF LATEST TRANSACTION
- control field: 20220306124450.0
008 - FIXED-LENGTH DATA ELEMENTS
- fixed length control field: 220306|| aca||aabn | a|a d
040 ## - CATALOGING SOURCE
- Original cataloging agency: NUST
- Transcribing agency: NUST
100 ## - HEADING--PERSONAL NAME
- Personal name: Mufti, Shahan,
- Dates associated with a name: 1981-
670 ## - SOURCE DATA FOUND
- Source citation: Work cat.: (NUST)0: Mufti, Shahan, 1981-, The faithful scribe :
